000 00695nam a2200181Ia 4500
003 GCL
008 140319s9999 xx 000 0 ara d
040 _aGCL /
_cGCL
082 0 4 _a641.7
_bم ف
100 1 _aاحسان عباس
245 1 0 _aفضالة الخوان فى طيبات الطعام والالوان: صورة من فن الطبخ فى الاندلس والمغرب فى بداية عهد بنى مرين لابن رزين التجيبى, ط 2 /
_cاحسان عباس
700 1 _aمحمد بن شقرون
260 _a[S.N] :
_bدار الغرب الاسلامى ،
_c1984
300 _a312 ص
490 _a
650 0 4 _aالاقتصاد المنزلى
942 _2ddc
_cBK
999 _c35620
_d35620